[Event "BL 2223 (Women)"]
[Site "Germany"]
[Date "2022.11.13"]
[Round "4.3"]
[White "Movsesian, Julia"]
[Black "Kononenko, Tatiana"]
[Result "1/2-1/2"]
[WhiteElo "2251"]
[BlackElo "2353"]
[PlyCount "37"]
[EventDate "2022.10.15"]
[EventType "team-tourn"]
[EventRounds "11"]
[EventCountry "GER"]
[SourceTitle "EXT 2024"]
[Source "ChessBase"]
[SourceDate "2023.10.10"]
[SourceVersion "1"]
[SourceVersionDate "2023.10.10"]
[SourceQuality "1"]
[WhiteTeam "Rodewisch (W)"]
[BlackTeam "Solingen (W)"]
[WhiteTeamCountry "GER"]
[BlackTeamCountry "GER"]

1. e4 e6 2. d4 d5 3. Nd2 c5 4. Ngf3 Nf6 5. exd5 exd5 6. Bb5+ Bd7 7. Bxd7+ Nbxd7 8. 0-0 Be7 9. dxc5 Nxc5 10. Nb3 Nce4 11. Nbd4 Qc8 12. c3 0-0 13. Bf4 Bd6 14. Bxd6 Nxd6 15. Ne5 Re8 16. Nd3 Nc4 17. Qc2 a5 18. Rfe1 Qc7 19. Rxe8+ 1/2-1/2

[Event "BL 2223 (Women)"]
[Site "Germany"]
[Date "2022.10.15"]
[Round "1.3"]
[White "Buksa, Nataliya"]
[Black "Kononenko, Tatiana"]
[Result "1-0"]
[WhiteElo "2413"]
[BlackElo "2353"]
[PlyCount "77"]
[EventDate "2022.10.15"]
[EventType "team-tourn"]
[EventRounds "11"]
[EventCountry "GER"]
[SourceTitle "EXT 2024"]
[Source "ChessBase"]
[SourceDate "2023.10.10"]
[SourceVersion "1"]
[SourceVersionDate "2023.10.10"]
[SourceQuality "1"]
[WhiteTeam "Schwaebisch Hall (W)"]
[BlackTeam "Solingen (W)"]
[WhiteTeamCountry "GER"]
[BlackTeamCountry "GER"]

1. e4 e6 2. d4 d5 3. e5 c5 4. c3 Nc6 5. Nf3 Qb6 6. Na3 cxd4 7. cxd4 Bb4+ 8. Bd2 Bd7 9. Nc2 Be7 10. Bd3 Nb4 11. Nxb4 Bxb4 12. 0-0 Bxd2 13. Qxd2 Ne7 14. Qg5 Kf8 15. Qf4 h6 16. Rac1 Kg8 17. h4 Rf8 18. Rc5 Qd8 19. b4 a6 20. Rfc1 Nc6 21. a3 Qe7 22. b5 axb5 23. Rxb5 Be8 24. Rbc5 h5 25. a4 Rh6 26. a5 f6 27. Qg3 fxe5 28. dxe5 Qf7 29. a6 bxa6 30. Rxc6 Bxc6 31. Rxc6 a5 32. Qg5 a4 33. Ra6 Qd7 34. Nd4 Qf7 35. Nf5 Kh8 36. Nxh6 Qxf2+ 37. Kh2 Qd4 38. Bc2 Qc4 39. Ra7 1-0

[Event "BL 1415 (Women)"]
[Site "Germany"]
[Date "2015.03.29"]
[Round "8.1"]
[White "Bodnaruk, Anastasia"]
[Black "Kononenko, Tatiana"]
[Result "1/2-1/2"]
[WhiteElo "2434"]
[BlackElo "2356"]
[PlyCount "65"]
[EventDate "2014.09.27"]
[EventType "team-tourn"]
[EventRounds "11"]
[EventCountry "GER"]
[SourceTitle "CBM 166 Extra"]
[Source "ChessBase"]
[SourceDate "2015.06.18"]
[SourceVersion "1"]
[SourceVersionDate "2015.06.18"]
[SourceQuality "1"]
[WhiteTeam "Rodewisch (W)"]
[BlackTeam "Halle USV (W)"]
[WhiteTeamCountry "GER"]
[BlackTeamCountry "GER"]

1. e4 e6 2. d4 d5 3. Nc3 Bb4 4. e5 Ne7 5. a3 Bxc3+ 6. bxc3 b6 7. Qg4 Ng6 8. h4 h5 9. Qd1 Qd7 10. Bg5 Ba6 11. Bxa6 Nxa6 12. Ne2 Qc6 13. 0-0 Nb8 14. f4 Nd7 15. f5 exf5 16. Ng3 f6 17. exf6 gxf6 18. Qe2+ Kd8 19. Bd2 Nxh4 20. Nxf5 Nxf5 21. Rxf5 Kc8 22. Qf3 Kb7 23. Qxd5 Qxd5 24. Rxd5 Rh7 25. Re1 Rg8 26. Re2 Rg6 27. Kh2 a5 28. Kh3 a4 29. c4 Nb8 30. c5 bxc5 31. Rxc5 Nd7 32. Rb5+ Nb6 33. c4 1/2-1/2

[Event "BL 1415 (Women)"]
[Site "Germany"]
[Date "2015.03.29"]
[Round "9.1"]
[White "Kononenko, Tatiana"]
[Black "Gunina, Valentina"]
[Result "0-1"]
[WhiteElo "2356"]
[BlackElo "2540"]
[PlyCount "60"]
[EventDate "2014.09.27"]
[EventType "team-tourn"]
[EventRounds "11"]
[EventCountry "GER"]
[SourceTitle "CBM 166 Extra"]
[Source "ChessBase"]
[SourceDate "2015.06.18"]
[SourceVersion "1"]
[SourceVersionDate "2015.06.18"]
[SourceQuality "1"]
[WhiteTeam "Halle USV (W)"]
[BlackTeam "Bad Koenigshofen (W)"]
[WhiteTeamCountry "GER"]
[BlackTeamCountry "GER"]

1. c4 c6 2. Nf3 d5 3. e3 Nf6 4. b3 Bg4 5. Bb2 e6 6. Be2 Bd6 7. h3 Bxf3 8. Bxf3 0-0 9. Nc3 Qe7 10. Qc2 Nbd7 11. 0-0 Rfd8 12. Rad1 Ne5 13. Be2 Ng6 14. d4 Rac8 15. Qb1 Bb8 16. e4 e5 17. g3 exd4 18. Rxd4 Be5 19. Rd3 dxe4 20. Rxd8+ Rxd8 21. Rd1 Re8 22. Qc1 c5 23. Nd5 Nxd5 24. cxd5 e3 25. Bxe5 exf2+ 26. Kxf2 Qxe5 27. Bf3 Qd6 28. Qd2 b6 29. a4 f6 30. Bg2 Re5 0-1

[Event "UKR-ch (Women) 73rd"]
[Site "Kiev"]
[Date "2013.06.17"]
[Round "1"]
[White "Kononenko, Tatiana"]
[Black "Andrenko, Irina"]
[Result "1/2-1/2"]
[WhiteElo "2369"]
[BlackElo "2253"]
[PlyCount "33"]
[EventDate "2013.06.15"]
[EventType "tourn"]
[EventRounds "9"]
[EventCountry "UKR"]
[EventCategory "4"]
[SourceTitle "CBM 155 Extra"]
[Source "ChessBase"]
[SourceDate "2013.08.26"]
[SourceVersion "1"]
[SourceVersionDate "2013.08.26"]
[SourceQuality "1"]

1. d4 Nf6 2. c4 g6 3. Nc3 d5 4. cxd5 Nxd5 5. Bd2 Bg7 6. e4 Nxc3 7. Bxc3 0-0 8. h3 c5 9. d5 Bxc3+ 10. bxc3 Qd6 11. Nf3 Nd7 12. Be2 e6 13. 0-0 exd5 14. exd5 Nf6 15. c4 b5 16. cxb5 Bb7 17. Nd2 1/2-1/2

[Event "BL 1213 (Women)"]
[Site "Germany"]
[Date "2013.03.10"]
[Round "11.1"]
[White "Nebolsina, Vera"]
[Black "Kononenko, Tatiana"]
[Result "1/2-1/2"]
[WhiteElo "2270"]
[BlackElo "2374"]
[PlyCount "46"]
[EventDate "2012.10.06"]
[EventType "team-tourn"]
[EventRounds "11"]
[EventCountry "GER"]
[SourceTitle "EXT 2014"]
[Source "ChessBase"]
[SourceDate "2013.11.20"]
[SourceVersion "1"]
[SourceVersionDate "2013.11.20"]
[SourceQuality "1"]
[WhiteTeam "Deizisau (W)"]
[BlackTeam "Halle Volksbank (W)"]
[WhiteTeamCountry "GER"]
[BlackTeamCountry "GER"]

1. d4 d5 2. c4 c6 3. e3 Nf6 4. Nc3 a6 5. Qc2 e6 6. Nf3 c5 7. cxd5 exd5 8. Be2 Nc6 9. 0-0 cxd4 10. Nxd4 Qc7 11. Nxc6 Qxc6 12. Bd2 Be7 13. Rac1 Be6 14. f4 0-0 15. Bf3 g6 16. Qd1 Qd6 17. Be1 Rfd8 18. Na4 Ne4 19. a3 Rdc8 20. Bb4 Qd8 21. Bxe7 Qxe7 22. Qd4 Rxc1 23. Rxc1 Nf6 1/2-1/2

[Event "BL 1213 (Women)"]
[Site "Germany"]
[Date "2012.12.01"]
[Round "3.1"]
[White "Kononenko, Tatiana"]
[Black "Gaponenko, Inna"]
[Result "1/2-1/2"]
[WhiteElo "2374"]
[BlackElo "2403"]
[PlyCount "39"]
[EventDate "2012.10.06"]
[EventType "team-tourn"]
[EventRounds "11"]
[EventCountry "GER"]
[SourceTitle "EXT 2014"]
[Source "ChessBase"]
[SourceDate "2013.11.20"]
[SourceVersion "1"]
[SourceVersionDate "2013.11.20"]
[SourceQuality "1"]
[WhiteTeam "Halle Volksbank (W)"]
[BlackTeam "Muelheim Nord (W)"]
[WhiteTeamCountry "GER"]
[BlackTeamCountry "GER"]

1. d4 d5 2. c4 e6 3. Nc3 Nf6 4. cxd5 Nxd5 5. e4 Nxc3 6. bxc3 c5 7. Nf3 cxd4 8. cxd4 Bb4+ 9. Bd2 Bxd2+ 10. Qxd2 0-0 11. Bc4 Nd7 12. 0-0 b6 13. Rad1 Bb7 14. d5 exd5 15. Bxd5 Nc5 16. Qf4 Qb8 17. Qf5 Qc8 18. Qf4 Qb8 19. Qf5 Qc8 20. Qf4 1/2-1/2

[Event "UKR-ch (Women) 72nd"]
[Site "Kharkov"]
[Date "2012.09.29"]
[Round "5"]
[White "Kononenko, Tatiana"]
[Black "Lagno, Kateryna"]
[Result "0-1"]
[WhiteElo "2374"]
[BlackElo "2542"]
[PlyCount "62"]
[EventDate "2012.09.25"]
[EventType "tourn"]
[EventRounds "9"]
[EventCountry "UKR"]
[EventCategory "6"]
[SourceTitle "CBM 150 Extra"]
[Source "ChessBase"]
[SourceDate "2012.10.19"]
[SourceVersion "1"]
[SourceVersionDate "2012.10.19"]
[SourceQuality "1"]

1. d4 Nf6 2. c4 g6 3. Nc3 Bg7 4. e4 d6 5. f3 0-0 6. Be3 Nc6 7. Nge2 a6 8. Qd2 Na5 9. Ng3 b5 10. c5 dxc5 11. dxc5 Be6 12. Qc2 b4 13. Rd1 Qe8 14. Nd5 Bxd5 15. exd5 e6 16. d6 Nd5 17. Bd4 Bxd4 18. Rxd4 cxd6 19. cxd6 Qd8 20. Qa4 Qb6 21. Ne2 Rfd8 22. h4 Rxd6 23. h5 Nc6 24. Rd2 Rad8 25. hxg6 hxg6 26. Qb3 Ne3 27. Rxd6 Rxd6 28. Kf2 Nf5+ 29. Ke1 Qc5 30. Rh3 Ne3 31. Kf2 Rd1 0-1

[Event "UKR-ch (Women) 72nd"]
[Site "Kharkov"]
[Date "2012.09.27"]
[Round "3"]
[White "Kononenko, Tatiana"]
[Black "Zhukova, Natalia"]
[Result "1/2-1/2"]
[WhiteElo "2374"]
[BlackElo "2442"]
[PlyCount "32"]
[EventDate "2012.09.25"]
[EventType "tourn"]
[EventRounds "9"]
[EventCountry "UKR"]
[EventCategory "6"]
[SourceTitle "CBM 150 Extra"]
[Source "ChessBase"]
[SourceDate "2012.10.19"]
[SourceVersion "1"]
[SourceVersionDate "2012.10.19"]
[SourceQuality "1"]

1. d4 Nf6 2. c4 e6 3. Nf3 d5 4. Nc3 Bb4 5. Bg5 h6 6. Bxf6 Qxf6 7. e3 0-0 8. a3 Bxc3+ 9. bxc3 c5 10. Bd3 dxc4 11. Bxc4 Nd7 12. 0-0 e5 13. dxe5 Nxe5 14. Nxe5 Qxe5 15. Qb3 Qe7 16. Bd5 Rb8 1/2-1/2

[Event "BL 1112 (Women)"]
[Site "Germany"]
[Date "2012.04.22"]
[Round "10.1"]
[White "Kononenko, Tatiana"]
[Black "Cmilyte, Viktorija"]
[Result "1-0"]
[WhiteElo "2375"]
[BlackElo "2525"]
[PlyCount "69"]
[EventDate "2011.10.29"]
[EventType "team-tourn"]
[EventRounds "11"]
[EventCountry "GER"]
[SourceTitle "EXT 2013"]
[Source "ChessBase"]
[SourceDate "2012.11.22"]
[SourceVersion "1"]
[SourceVersionDate "2012.11.22"]
[SourceQuality "1"]
[WhiteTeam "Halle Volksbank (W)"]
[BlackTeam "Baden-Baden (W)"]
[WhiteTeamCountry "GER"]
[BlackTeamCountry "GER"]

1. d4 Nf6 2. c4 e6 3. Nf3 c5 4. d5 d6 5. Nc3 exd5 6. cxd5 g6 7. Bf4 a6 8. a4 Nh5 9. Bg5 Be7 10. Bh6 Bf8 11. Bg5 f6 12. Bc1 Bg7 13. Nd2 f5 14. Nc4 Qe7 15. e4 0-0 16. Be2 Nf6 17. exf5 Bxf5 18. Bf4 Ne8 19. Qd2 b6 20. 0-0 h5 21. Bf3 Nd7 22. Ne4 Bxe4 23. Bxe4 Kh7 24. Ra3 Ndf6 25. Bb1 Qf7 26. Rg3 Ng4 27. Rf3 Ngf6 28. Nxb6 Rd8 29. h3 Bh8 30. Rg3 Rg8 31. Rg5 Nc7 32. Re1 Rg7 33. Qd3 h4 34. Rxg6 Rxg6 35. Re7 1-0

[Event "BL 1112 (Women)"]
[Site "Germany"]
[Date "2012.04.22"]
[Round "11.1"]
[White "Schmidt, Jessica"]
[Black "Kononenko, Tatiana"]
[Result "1/2-1/2"]
[WhiteElo "2265"]
[BlackElo "2375"]
[PlyCount "26"]
[EventDate "2011.10.29"]
[EventType "team-tourn"]
[EventRounds "11"]
[EventCountry "GER"]
[SourceTitle "EXT 2013"]
[Source "ChessBase"]
[SourceDate "2012.11.22"]
[SourceVersion "1"]
[SourceVersionDate "2012.11.22"]
[SourceQuality "1"]
[WhiteTeam "Karlsruhe (W)"]
[BlackTeam "Halle Volksbank (W)"]
[WhiteTeamCountry "GER"]
[BlackTeamCountry "GER"]

1. d4 d5 2. c4 c6 3. Nf3 Nf6 4. cxd5 cxd5 5. Nc3 Nc6 6. Bf4 a6 7. e3 Bg4 8. Be2 e6 9. 0-0 Be7 10. h3 Bh5 11. Rc1 0-0 12. Ne5 Bxe2 13. Qxe2 Nxe5 1/2-1/2

[Event "BL 1112 (Women)"]
[Site "Germany"]
[Date "2012.02.12"]
[Round "9.1"]
[White "Kononenko, Tatiana"]
[Black "Worek, Joanna"]
[Result "1/2-1/2"]
[WhiteElo "2375"]
[BlackElo "2265"]
[PlyCount "76"]
[EventDate "2011.10.29"]
[EventType "team-tourn"]
[EventRounds "11"]
[EventCountry "GER"]
[SourceTitle "EXT 2013"]
[Source "ChessBase"]
[SourceDate "2012.11.22"]
[SourceVersion "1"]
[SourceVersionDate "2012.11.22"]
[SourceQuality "1"]
[WhiteTeam "Halle Volksbank (W)"]
[BlackTeam "Schott Mainz (W)"]
[WhiteTeamCountry "GER"]
[BlackTeamCountry "GER"]

1. d4 g6 2. c4 Bg7 3. e4 d6 4. Nc3 e5 5. d5 f5 6. h4 f4 7. g3 Nh6 8. gxf4 0-0 9. fxe5 Ng4 10. f3 Bxe5 11. Bg5 Qe8 12. Nh3 Nh2 13. Rxh2 Bxh2 14. Qe2 Bg3+ 15. Kd2 Na6 16. Kc2 Bd7 17. a3 Be5 18. Bh6 Rf7 19. h5 Nc5 20. hxg6 hxg6 21. Ng5 Ba4+ 22. Nxa4 Qxa4+ 23. Kb1 Rf6 24. Bh3 Qb3 25. Be6+ Rxe6 26. Nxe6 Na4 27. Qc2 Qxb2+ 28. Qxb2 Nxb2 29. Ka2 Nxc4 30. Rc1 b5 31. Nxc7 Rb8 32. f4 Bd4 33. Ne6 Bb2 34. Rg1 Kf7 35. Ng5+ Ke7 36. Ne6 Kf7 37. Ng5+ Ke7 38. Ne6 Kf7 1/2-1/2

[Event "BL 1112 (Women)"]
[Site "Germany"]
[Date "2012.02.11"]
[Round "8.1"]
[White "Repkova, Eva"]
[Black "Kononenko, Tatiana"]
[Result "1-0"]
[WhiteElo "2423"]
[BlackElo "2375"]
[PlyCount "89"]
[EventDate "2011.10.29"]
[EventType "team-tourn"]
[EventRounds "11"]
[EventCountry "GER"]
[SourceTitle "EXT 2013"]
[Source "ChessBase"]
[SourceDate "2012.11.22"]
[SourceVersion "1"]
[SourceVersionDate "2012.11.22"]
[SourceQuality "1"]
[WhiteTeam "Friedberg (W)"]
[BlackTeam "Halle Volksbank (W)"]
[WhiteTeamCountry "GER"]
[BlackTeamCountry "GER"]

1. e4 e6 2. b3 d5 3. Bb2 dxe4 4. Nc3 Nf6 5. Qe2 Nbd7 6. 0-0-0 b6 7. Nxe4 Bb7 8. d3 Nxe4 9. dxe4 Qg5+ 10. Kb1 0-0-0 11. h4 Qf4 12. Nf3 Be7 13. Rd4 c5 14. Ra4 Qb8 15. Ng5 Bxg5 16. hxg5 Ne5 17. f4 Ng6 18. g3 Rd7 19. Bh3 Bc6 20. Ra3 Qb7 21. Re1 Rhd8 22. f5 Rd2 23. Qg4 Nf8 24. Bxg7 exf5 25. exf5 Bf3 26. Qf4 Rd1+ 27. Rxd1 Rxd1+ 28. Kb2 Nd7 29. g6 hxg6 30. fxg6 fxg6 31. Qf8+ Kc7 32. Bxd7 a5 33. Bb5 Qe4 34. Qf4+ Qxf4 35. gxf4 Be4 36. Ra4 Bf5 37. Rc4 Rd2 38. Rc3 Rf2 39. Bd3 Kc6 40. Bxf5 gxf5 41. Bh6 b5 42. Re3 b4 43. Re5 a4 44. bxa4 c4 45. Rb5 1-0

[Event "BL 1011 (Women)"]
[Site "Germany"]
[Date "2010.11.07"]
[Round "2.1"]
[White "Kononenko, Tatiana"]
[Black "Lubbe, Melanie"]
[Result "0-1"]
[WhiteElo "2384"]
[BlackElo "2311"]
[PlyCount "104"]
[EventDate "2010.11.06"]
[EventType "team-tourn"]
[EventRounds "11"]
[EventCountry "GER"]
[SourceTitle "EXT 2012"]
[Source "ChessBase"]
[SourceDate "2011.11.24"]
[SourceVersion "1"]
[SourceVersionDate "2011.11.24"]
[SourceQuality "1"]
[WhiteTeam "Halle Volksbank (W)"]
[BlackTeam "Leipzig Gohlis (W)"]
[WhiteTeamCountry "GER"]
[BlackTeamCountry "GER"]

1. d4 Nf6 2. c4 g6 3. Nc3 Bg7 4. e4 d6 5. Bg5 0-0 6. Qd2 c5 7. d5 Qa5 8. Bd3 e6 9. Nge2 exd5 10. cxd5 Re8 11. 0-0 Nbd7 12. f4 c4 13. Bc2 Qc5+ 14. Kh1 b5 15. a3 Bb7 16. Bh4 a6 17. Bf2 Qc7 18. Rad1 Nc5 19. Ng3 Rad8 20. Bd4 Re7 21. Bxf6 Bxf6 22. e5 Bg7 23. Nge4 Nxe4 24. Nxe4 Red7 25. Nxd6 Ba8 26. Qe2 Re7 27. Qf2 Red7 28. Qg3 Qb6 29. Rfe1 a5 30. a4 b4 31. b3 c3 32. Nc4 Qc5 33. d6 Bd5 34. Qe3 Qc6 35. Rxd5 Qxd5 36. Be4 Qe6 37. Qc5 Bh6 38. g3 Qg4 39. Ne3 Qh5 40. Kg2 Rxd6 41. Nd5 Rxd5 42. Bxd5 Qf5 43. Qxa5 Rc8 44. e6 c2 45. exf7+ Kg7 46. Re8 c1Q 47. Rg8+ Kf6 48. Qb6+ Ke7 49. Qxb4+ Qc5 50. Qe1+ Kd6 51. Bb7 Qcc2+ 52. Kh1 Qb1 0-1

[Event "BL 1011 (Women)"]
[Site "Germany"]
[Date "2010.11.06"]
[Round "1.1"]
[White "Dworakowska, Joanna"]
[Black "Kononenko, Tatiana"]
[Result "0-1"]
[WhiteElo "2315"]
[BlackElo "2384"]
[PlyCount "86"]
[EventDate "2010.11.06"]
[EventType "team-tourn"]
[EventRounds "11"]
[EventCountry "GER"]
[SourceTitle "EXT 2012"]
[Source "ChessBase"]
[SourceDate "2011.11.24"]
[SourceVersion "1"]
[SourceVersionDate "2011.11.24"]
[SourceQuality "1"]
[WhiteTeam "Grosslehna (W)"]
[BlackTeam "Halle Volksbank (W)"]
[WhiteTeamCountry "GER"]
[BlackTeamCountry "GER"]

1. e4 e6 2. d4 d5 3. Nc3 Bb4 4. e5 Ne7 5. a3 Bxc3+ 6. bxc3 c5 7. Qg4 0-0 8. Bd3 f5 9. exf6 Rxf6 10. Bg5 Rf7 11. Qh5 g6 12. Qd1 Nbc6 13. h4 Qa5 14. Bd2 c4 15. Be2 e5 16. dxe5 Nxe5 17. Nf3 Ng4 18. 0-0 Qc7 19. g3 h5 20. Bg5 Be6 21. Nd4 Bd7 22. Bf3 Qd6 23. Bg2 Raf8 24. Qe1 Nxf2 25. Bf4 Rxf4 26. gxf4 Nh3+ 27. Bxh3 Bxh3 28. Rf3 Bg4 29. Re3 Nc6 30. f5 Nxd4 31. cxd4 Bxf5 32. Rb1 Qf4 33. Rxb7 Qxd4 34. c3 Qc5 35. Qg3 Be4 36. Kh2 Qc6 37. Rxa7 Qf6 38. Re1 Qb6 39. Qe3 Rf2+ 40. Kg1 Rg2+ 41. Kh1 Re2+ 42. Qxe4 Rxe4 43. Ra8+ Kg7 0-1

[Event "EU-Cup (Women) 15th"]
[Site "Plovdiv"]
[Date "2010.10.22"]
[Round "6.1"]
[White "Fierro Baquero, Martha Lorena"]
[Black "Kononenko, Tatiana"]
[Result "1/2-1/2"]
[WhiteElo "2368"]
[BlackElo "2384"]
[PlyCount "33"]
[EventDate "2010.10.17"]
[EventType "team-swiss"]
[EventRounds "7"]
[EventCountry "BUL"]
[SourceTitle "CBM 138 Extra"]
[Source "ChessBase"]
[SourceDate "2010.10.29"]
[SourceVersion "1"]
[SourceVersionDate "2010.10.29"]
[SourceQuality "1"]
[WhiteTeam "Chieti Fischer (W)"]
[BlackTeam "Halle Volksbank (W)"]
[WhiteTeamCountry "ITA"]
[BlackTeamCountry "GER"]

1. e4 e6 2. d4 d5 3. Nd2 c5 4. exd5 exd5 5. Ngf3 Nf6 6. Bb5+ Bd7 7. Bxd7+ Nbxd7 8. 0-0 Be7 9. dxc5 Nxc5 10. Nb3 Nce4 11. Nfd4 Qd7 12. f3 Nd6 13. Nc5 Qc7 14. Nd3 0-0 15. Be3 Rfe8 16. Bf2 Rac8 17. c3 1/2-1/2

[Event "George Marx Memorial (Women) 8th"]
[Site "Paks"]
[Date "2010.08.16"]
[Round "10"]
[White "Gaprindashvili, Nona"]
[Black "Kononenko, Tatiana"]
[Result "1/2-1/2"]
[WhiteElo "2348"]
[BlackElo "2374"]
[PlyCount "28"]
[EventDate "2010.08.06"]
[EventType "tourn"]
[EventRounds "10"]
[EventCountry "HUN"]
[EventCategory "4"]
[SourceTitle "CBM 137 Extra"]
[Source "ChessBase"]
[SourceDate "2010.09.01"]
[SourceVersion "1"]
[SourceVersionDate "2010.09.01"]
[SourceQuality "1"]

1. d4 d5 2. c4 c6 3. Nf3 Nf6 4. cxd5 cxd5 5. Nc3 Nc6 6. Bf4 a6 7. e3 Bg4 8. Be2 e6 9. Ne5 Bxe2 10. Qxe2 Nxe5 11. Bxe5 Be7 12. 0-0 0-0 13. Rfc1 Nd7 14. Bg3 Rc8 1/2-1/2

[Event "George Marx Memorial (Women) 8th"]
[Site "Paks"]
[Date "2010.08.15"]
[Round "9"]
[White "Kononenko, Tatiana"]
[Black "Madl, Ildiko"]
[Result "1/2-1/2"]
[WhiteElo "2374"]
[BlackElo "2401"]
[PlyCount "69"]
[EventDate "2010.08.06"]
[EventType "tourn"]
[EventRounds "10"]
[EventCountry "HUN"]
[EventCategory "4"]
[SourceTitle "CBM 137 Extra"]
[Source "ChessBase"]
[SourceDate "2010.09.01"]
[SourceVersion "1"]
[SourceVersionDate "2010.09.01"]
[SourceQuality "1"]

1. d4 d5 2. c4 c6 3. Nf3 Nf6 4. e3 Bf5 5. Nc3 e6 6. Bd3 Bxd3 7. Qxd3 Nbd7 8. 0-0 Bb4 9. b3 0-0 10. Bb2 a5 11. a3 Be7 12. e4 dxe4 13. Nxe4 Nxe4 14. Qxe4 Qb6 15. Qc2 Bf6 16. Rab1 Rfd8 17. Bc3 Qc7 18. Rfd1 h6 19. c5 e5 20. dxe5 Nxe5 21. Nxe5 Bxe5 22. Bxe5 Qxe5 23. b4 axb4 24. axb4 Rxd1+ 25. Rxd1 Ra1 26. g3 g6 27. Rxa1 Qxa1+ 28. Kg2 Qd4 29. Qa4 Kg7 30. h4 Qe4+ 31. Kf1 Qh1+ 32. Ke2 Qe4+ 33. Kf1 Qh1+ 34. Ke2 Qe4+ 35. Kf1 1/2-1/2

[Event "George Marx Memorial (Women) 8th"]
[Site "Paks"]
[Date "2010.08.14"]
[Round "8"]
[White "Vajda, Szidonia"]
[Black "Kononenko, Tatiana"]
[Result "0-1"]
[WhiteElo "2338"]
[BlackElo "2374"]
[PlyCount "114"]
[EventDate "2010.08.06"]
[EventType "tourn"]
[EventRounds "10"]
[EventCountry "HUN"]
[EventCategory "4"]
[SourceTitle "CBM 137 Extra"]
[Source "ChessBase"]
[SourceDate "2010.09.01"]
[SourceVersion "1"]
[SourceVersionDate "2010.09.01"]
[SourceQuality "1"]

1. e4 e6 2. d4 d5 3. Nd2 c5 4. exd5 exd5 5. Ngf3 Nf6 6. Bb5+ Bd7 7. Bxd7+ Nbxd7 8. 0-0 Be7 9. Re1 0-0 10. dxc5 Nxc5 11. Nf1 a5 12. Be3 Re8 13. c3 a4 14. Bd4 Ne6 15. Ne3 Nxd4 16. Qxd4 Qa5 17. Nf5 Bc5 18. Qh4 Qb6 19. N3d4 g6 20. Nh6+ Kg7 21. h3 Bxd4 22. cxd4 Re4 23. Qg5 Rae8 24. Re3 Rxe3 25. fxe3 Ne4 26. Qf4 Qf6 27. Ng4 Qxf4 28. exf4 Ng3 29. Kf2 Nf5 30. Ne5 Rc8 31. Re1 Nxd4 32. Rd1 Rc2+ 33. Ke1 Ne6 34. Rxd5 Nxf4 35. Rb5 Nxg2+ 36. Kf1 Ne3+ 37. Ke1 Rc7 38. Nd3 Nc4 39. Rb4 a3 40. b3 Ne3 41. Ra4 f5 42. Kd2 Nf1+ 43. Ke1 Ng3 44. Rxa3 g5 45. b4 f4 46. Kf2 Re7 47. Ra7 Kg6 48. Nc5 Re2+ 49. Kf3 Re3+ 50. Kg2 h5 51. Rxb7 g4 52. hxg4 hxg4 53. Rb6+ Kf5 54. Rb8 Re2+ 55. Kg1 f3 56. Rf8+ Kg6 57. Nd3 Rg2# 0-1

[Event "George Marx Memorial (Women) 8th"]
[Site "Paks"]
[Date "2010.08.09"]
[Round "4"]
[White "Kononenko, Tatiana"]
[Black "Gaprindashvili, Nona"]
[Result "1/2-1/2"]
[WhiteElo "2374"]
[BlackElo "2348"]
[PlyCount "188"]
[EventDate "2010.08.06"]
[EventType "tourn"]
[EventRounds "10"]
[EventCountry "HUN"]
[EventCategory "4"]
[SourceTitle "CBM 137 Extra"]
[Source "ChessBase"]
[SourceDate "2010.09.01"]
[SourceVersion "1"]
[SourceVersionDate "2010.09.01"]
[SourceQuality "1"]

1. d4 g6 2. c4 d6 3. Nc3 Nd7 4. e4 e5 5. Nge2 Bg7 6. Be3 Nh6 7. f3 f5 8. Qd2 f4 9. Bf2 g5 10. 0-0-0 c6 11. Kb1 0-0 12. Nc1 Qe7 13. Nb3 Kh8 14. Be2 Bf6 15. g4 Nf7 16. h4 gxh4 17. Qe1 Rg8 18. Bxh4 Bxh4 19. Rxh4 Rg7 20. Qf2 Nf8 21. Rh5 b6 22. d5 c5 23. Rdh1 Bd7 24. Nc1 a6 25. Bd3 Ng5 26. Be2 Rb8 27. Nd3 b5 28. Ne1 Be8 29. Rh6 Ng6 30. Ng2 bxc4 31. Ka1 Kg8 32. Nh4 Nxh4 33. Qxh4 Bg6 34. Qe1 Qd8 35. Qd2 Rgb7 36. Rb1 Qa5 37. Bd1 Rb4 38. Rh1 Be8 39. Qe1 Bg6 40. Qd2 R8b7 41. Qe1 Be8 42. Rh2 Bg6 43. Rf2 Rb8 44. Rh2 Nf7 45. Rc2 Qd8 46. Rh2 Kg7 47. Ba4 Qc7 48. Qd2 Nd8 49. Qe1 Qe7 50. Qf1 Nf7 51. Qe1 Qd8 52. Bd1 Qg5 53. Ba4 Qd8 54. Bd1 Ng5 55. Qh4 Qf6 56. Qh6+ Kf7 57. Rf2 Qd8 58. Ba4 Kf6 59. Bd1 Qf8 60. Qh4 Qg7 61. Ba4 Be8 62. Bxe8 Rxe8 63. Rh1 Rg8 64. Qh2 Qf8 65. Qg1 Rg6 66. Qf1 Rh6 67. Rxh6+ Qxh6 68. a3 Rb6 69. Qxc4 Qh1+ 70. Qf1 Qxf1+ 71. Rxf1 Rb8 72. Kb1 h5 73. gxh5 Rh8 74. Kc2 Rxh5 75. Nb1 Rh2+ 76. Nd2 Re2 77. Kd1 Rg2 78. Ke1 Ke7 79. Rf2 Rg1+ 80. Rf1 Rg3 81. Rf2 Kf6 82. Ke2 Nh3 83. Rh2 Kg5 84. Nf1 Kh4 85. Nd2 Rg8 86. Nf1 Rb8 87. Ke1 Rb3 88. Nd2 Rxb2 89. Rg2 Rb8 90. Rg6 Ng5 91. Rh6+ Kg3 92. Rg6 Kh4 93. Rh6+ Kg3 94. Rg6 Kh4 1/2-1/2

[Event "George Marx Memorial (Women) 8th"]
[Site "Paks"]
[Date "2010.08.07"]
[Round "2"]
[White "Toth, Lili"]
[Black "Kononenko, Tatiana"]
[Result "0-1"]
[WhiteElo "2235"]
[BlackElo "2374"]
[PlyCount "56"]
[EventDate "2010.08.06"]
[EventType "tourn"]
[EventRounds "10"]
[EventCountry "HUN"]
[EventCategory "4"]
[SourceTitle "CBM 137 Extra"]
[Source "ChessBase"]
[SourceDate "2010.09.01"]
[SourceVersion "1"]
[SourceVersionDate "2010.09.01"]
[SourceQuality "1"]

1. e4 e6 2. d4 d5 3. Nc3 Bb4 4. e5 Ne7 5. a3 Bxc3+ 6. bxc3 c5 7. Nf3 Qa5 8. Qd2 Nbc6 9. a4 Bd7 10. Bd3 f6 11. Ba3 fxe5 12. Nxe5 Nxe5 13. dxe5 0-0 14. 0-0 Rf7 15. Qe3 Rc8 16. Rfb1 Qc7 17. a5 b6 18. axb6 axb6 19. f4 Rcf8 20. Rf1 g6 21. Rae1 d4 22. cxd4 Nd5 23. Qd2 Nxf4 24. dxc5 Bc6 25. Bc4 Qe7 26. Qc3 b5 27. Bxb5 Bxb5 28. c6 Ne2+ 0-1